| 000 | 00904nam a2200253 a 4500 | ||
|---|---|---|---|
| 999 |
_c2379 _d2379 |
||
| 008 | 200316s2018 ii ad||g m|||a00| 0 eng d | ||
| 040 |
_aKO _beng |
||
| 041 | 0 | _aeng | |
| 044 | _aii | ||
| 082 | 0 | 4 |
_223 _a378.242 _bIRM1740 |
| 100 | 1 |
_aMathuppuram, George Thomas _eResearcher |
|
| 245 | 3 | 0 |
_aAn Organizational Study in Warehouse management at Lulu International, Kochi / _cGeorge Thomas Mathuppuram ; Guide Dr. Jayan P. A. |
| 260 |
_aKochi : _bIndian Maritime University, _c2018 |
||
| 300 |
_a46 p. : _bill., charts ; _c29 cm. |
||
| 490 | 0 |
_aMBA Internship 2017-19 ; _v1705304010 |
|
| 502 | _aInternship (MBA)–Indian Maritime University. School of Maritime Management, 2019. | ||
| 610 | 2 | 0 | _aLulu International, Kochi |
| 650 | 0 | _aWarehouses--Management | |
| 655 | 7 |
_2lcsh _aDissertations, Academic _y2018 |
|
| 700 | 1 |
_aP. A., Jayan _cDr. _eGuide |
|
| 904 | _aReshma_R | ||
| 942 | _cTH | ||